Ollie octopus's restaurant / (Record no. 9938)

MARC details
000 -LEADER
fixed length control field 01102nam a22002777a 4500
001 - CONTROL NUMBER
control field 9938
003 - CONTROL NUMBER IDENTIFIER
control field FISKH
005 - DATE AND TIME OF LATEST TRANSACTION
control field 20260428104102.0
008 - FIXED-LENGTH DATA ELEMENTS--GENERAL INFORMATION
fixed length control field 260318b cb ||||| |||| 00| 0 eng d
020 ## - INTERNATIONAL STANDARD BOOK NUMBER
International Standard Book Number 9780462004679
040 ## - CATALOGING SOURCE
Original cataloging agency FISKH
Language of cataloging eng
Transcribing agency FISKH
Modifying agency FISKH
082 ## - DEWEY DECIMAL CLASSIFICATION NUMBER
Classification number 823.92
100 ## - MAIN ENTRY--PERSONAL NAME
Personal name Byron , Casey
245 ## - TITLE STATEMENT
Title Ollie octopus's restaurant /
Statement of responsibility, etc. Written by Casey Byron : Illustrated by Matt Wilson
250 ## - EDITION STATEMENT
Edition statement First published 2008
260 ## - PUBLICATION, DISTRIBUTION, ETC.
Place of publication, distribution, etc. London :
Name of publisher, distributor, etc. Marshall Cavendish Limited ,
Date of publication, distribution, etc. 2008.
300 ## - PHYSICAL DESCRIPTION
Extent 16 pages :
Other physical details color illustrations ;
Dimensions 15 X 19 cm .
490 ## - SERIES STATEMENT
Series statement My Pals Are Here ! Reading Stars
505 ## - FORMATTED CONTENTS NOTE
Formatted contents note H <br/>
520 ## - SUMMARY, ETC.
Summary, etc. This story is about Ollie the octopus, who runs a restaurant under the sea. Ollie works hard to serve his sea-animal customers, but he learns important lessons about helping others, responsibility, and teamwork. The story is fun and simple, with a positive message for young readers.
521 8# - TARGET AUDIENCE NOTE
Target audience note 450 <br/>
Source Lexile estimate <br/>
521 8# - TARGET AUDIENCE NOTE
Target audience note H <br/>
Source Raz-Plus <br/>
700 ## - ADDED ENTRY--PERSONAL NAME
Personal name Wilson , Matt
Relator term Illustrator
942 ## - ADDED ENTRY ELEMENTS (KOHA)
Source of classification or shelving scheme Dewey Decimal Classification
Koha item type Books
Suppress in OPAC No
Holdings
Withdrawn status Lost status Source of classification or shelving scheme Damaged status Not for loan Collection Home library Current library Shelving location Date acquired Total Checkouts Full call number Barcode Date last seen Copy number Price effective from Koha item type
    Dewey Decimal Classification     Juvenile Fiction Footprints International School Library Network Toul Tom Poung Campus Footprints International School Library Network Toul Tom Poung Campus TTP Primary Dark Blue Bookshelves 03/18/2026   BYR 823.92 2026-0338 03/18/2026 1 03/18/2026 Books
    Dewey Decimal Classification     Juvenile Fiction Footprints International School Library Network Toul Tom Poung Campus Footprints International School Library Network Toul Tom Poung Campus TTP Primary Dark Blue Bookshelves 04/28/2026   BYR 823.92 FISBK06430 04/28/2026 2 04/28/2026 Books